MARC details
| 000 -LEADER |
| campo de control de longitud fija |
01384nam a2200385 i 4500 |
| 001 - NÚMERO DE CONTROL |
| campo de control |
192641 |
| 003 - IDENTIFICADOR DE NÚMERO DE CONTROL |
| campo de control |
SpMaBN |
| 005 - FECHA Y HORA DE LA ÚLTIMA TRANSACCIÓN |
| campo de control |
20250812015018.0 |
| 007 - CAMPO FIJO DE DESCRIPCIÓN FÍSICA--INFORMACIÓN GENERAL |
| campo de control de longitud fija |
ta |
| 008 - DATOS DE LONGITUD FIJA--INFORMACIÓN GENERAL |
| campo de control de longitud fija |
220202s2021 sp a | |||| 000 0 spa |
| 015 ## - NÚMERO DE BIBLIOGRAFÍA NACIONAL |
| Número de bibliografía nacional |
MON21 |
| 017 ## - NÚMERO DE COPYRIGHT O DE DEPÓSITO LEGAL |
| Número de copyright o de depósito legal |
B 18448-2021 |
| Agencia que asigna |
Oficina Depósito Legal Barcelona |
| 020 ## - NÚMERO INTERNACIONAL ESTÁNDAR DEL LIBRO |
| Número Internacional Estándar del Libro |
9788418323751 |
| 040 ## - FUENTE DE CATALOGACIÓN |
| Centro catalogador/agencia de origen |
SpMaBN |
| Lengua de catalogación |
spa |
| Centro/agencia transcriptor |
Es-MaACL |
| Normas de descripción |
rda |
| 080 ## - NÚMERO DE LA CLASIFICACIÓN DECIMAL UNIVERSAL |
| Número de la Clasificación Decimal Universal |
7.045(100-21) |
| 100 0# - ENTRADA PRINCIPAL--NOMBRE DE PERSONA |
| Nombre de persona |
Ortega Sanz, José María |
| 9 (RLIN) |
87492 |
| Término indicativo de función/relación |
Autor |
| 245 10 - MENCIÓN DEL TÍTULO |
| Título |
Siete ciudades para el siglo XXI : |
| Resto del título |
un camino hacia la fraternidad / |
| Mención de responsabilidad, etc. |
José María Ortega Sanz. |
| 246 ## - FORMA VARIANTE DEL TITULO |
| Título propio/Titulo breve |
7 ciudades para el siglo XXI : |
| Resto del título |
un camino hacia la fraternidad |
| 250 ## - MENCION DE EDICION |
| Mención de edición |
Primera edición: octubre de 2021 |
| 264 #1 - PRODUCCIÓN, PUBLICACIÓN, DISTRIBUCIÓN, FABRICACIÓN Y COPYRIGHT |
| Producción, publicación, distribución, fabricación y copyright |
Barcelona : |
| Nombre del de productor, editor, distribuidor, fabricante |
Ediciones Carena, |
| Fecha de producción, publicación, distribución, fabricación o copyright |
2021 |
| 300 ## - DESCRIPCIÓN FÍSICA |
| Extensión |
113 páginas : |
| Otras características físicas |
ilustraciones (color) ; |
| Dimensiones |
21 cm |
| 336 ## - TIPO DE CONTENIDO |
| Término de tipo de contenido |
Texto |
| Fuente |
rdacontent |
| 337 ## - TIPO DE MEDIO |
| Nombre/término del tipo de medio |
sin mediación |
| Fuente |
rdamedia |
| 338 ## - TIPO DE SOPORTE |
| Nombre/término del tipo de soporte |
volumen |
| Fuente |
rdacarrier |
| 490 1# - MENCIÓN DE SERIE |
| Mención de serie |
Ensayo ; |
| Designación de volumen o secuencia |
629 |
| 500 ## - NOTA GENERAL |
| Nota general |
Índice |
| 650 #4 - PUNTO DE ACCESO ADICIONAL DE MATERIA--TÉRMINO DE MATERIA |
| Término de materia o nombre geográfico como elemento de entrada |
Ciudades |
| Fuente del encabezamiento o término |
embne |
| 9 (RLIN) |
11068 |
| 650 #7 - PUNTO DE ACCESO ADICIONAL DE MATERIA--TÉRMINO DE MATERIA |
| Término de materia o nombre geográfico como elemento de entrada |
Emblemas |
| Fuente del encabezamiento o término |
embne |
| 9 (RLIN) |
10095 |
| 830 ## - PUNTO DE ACCESO ADICIONAL DE SERIE-TÍTULO UNIFORME |
| Título uniforme |
Ensayo (Carena) ; |
| 9 (RLIN) |
176436 |
| Designación de volumen o secuencia |
629 |
| 852 ## - LOCALIZACIÓN |
| Ubicación |
Es-MaACL |
| Número de control de estantería |
N-8270 |
| Sublocalización o colección |
R.153288 |
| Encuadernación |
Donación: José María Ortega Sanz |
| Ubicación en estantería |
Depósito J |
| Anotaciones manuscritas |
Dedicatoria autógrafa del autor |
| itemnumber |
199937 |
| 903 ## - NOMBRE PERSONAL DE DONANTE |
| 9 |
87492 |
| a |
Ortega Sanz, José María |
| e |
Donante |
| 942 ## - ELEMENTOS DE ENTRADA SECUNDARIOS (KOHA) |
| Suprimir en OPAC |
No |
| Tipo de ítem Koha |
Libro impreso |